UBT Library

Biochemistry / (Record no. 44103)

000 -LEADER
fixed length control field 00525pam a2200217 a 4500
001 - CONTROL NUMBER
control field 3369451
005 - DATE AND TIME OF LATEST TRANSACTION
control field 20180306031339.0
008 - FIXED-LENGTH DATA ELEMENTS--GENERAL INFORMATION
fixed length control field 871210s1988 nyua 001 0 eng
010 ## - LIBRARY OF CONGRESS CONTROL NUMBER
LC control number 87036486
020 ## - INTERNATIONAL STANDARD BOOK NUMBER
International Standard Book Number 071671843X
020 ## - INTERNATIONAL STANDARD BOOK NUMBER
International Standard Book Number 0716719207 (pbk.)
040 ## - CATALOGING SOURCE
Original cataloging agency DLC
Transcribing agency DLC
Modifying agency DLC
041 ## - LANGUAGE CODE
Language code of text/sound track or separate title eng
080 ## - UNIVERSAL DECIMAL CLASSIFICATION NUMBER
Universal Decimal Classification number 574.192 lul
082 00 - DEWEY DECIMAL CLASSIFICATION NUMBER
Classification number 574.192 lul
Edition number 19
100 1# - Rafti
Rafti 9
101 ## - Shkurtesa
Shkurtesa bio
245 10 - TITLE STATEMENT
Title Biochemistry /
Statement of responsibility, etc Lubert Stryer.
906 ## - LOCAL DATA ELEMENT F, LDF (RLIN)
a 7
b cbc
c orignew
d 1
e ocip
f 19
g y-gencatlg
942 ## - ADDED ENTRY ELEMENTS (KOHA)
Source of classification or shelving scheme
Item type Books
Holdings
Withdrawn status Lost status Source of classification or shelving scheme Damaged status Not for loan Collection code Permanent location Current location Shelving location Date acquired Total Checkouts Full call number Barcode Date last seen Price effective from Koha item type
          Koleksioni i përgjithshem UBT - Lipjan UBT - Lipjan Koleksioni i përgjithshem 03/06/2018   574.192 lul 002-3000950 03/06/2018 03/06/2018 Books
UBT Library © 2015-2024. All rights reserved University Education for Business and Technology